The world of geography : examines how the physical world shapes our lives

Bibliographic Details
Format: Book
Published: United States : World International Publishing , 1991
Series:The world of
Subjects:

MARC

LEADER 00000cam a2200000 7i4500
001 0000000574
002 000000664
005 20000330.0
020 |a 0723543224 
090 0 0 |a J 030   |b WOR 
245 0 4 |a The world of geography :   |b examines how the physical world shapes our lives 
260 |a United States :   |b World International Publishing ,   |c 1991 
300 |a 450p. :   |b ill. ;   |c 28cm. 
490 0 |a The world of 
650 0 0 |a Geography   |x Juvenile literature 
999 |a 026941   |b BUKU   |c PINJAMAN   |e PERPUSTAKAAN KOMUNITI PETALING JAYA 
999 |a 026942   |b BUKU   |c PINJAMAN   |e PERPUSTAKAAN KOMUNITI PETALING JAYA 
999 |a 027538   |b BUKU   |c PINJAMAN   |e PERPUSTAKAAN KOMUNITI PETALING JAYA 
999 |a 029990   |b BUKU   |c JUNIOR REFERENCE   |e PERPUSTAKAAN KOMUNITI PETALING JAYA